| 000 | 00528nam a2200193Ia 4500 | ||
|---|---|---|---|
| 005 | 20250508151701.0 | ||
| 008 | 008 250505s9999 xx 000 0 eng d | ||
| 020 | _a0-345-34078-7 | ||
| 037 | _aBooks to be hide in OPAC | ||
| 040 |
_aFEDL _beng _cFEDL |
||
| 041 |
_aeng _2eng |
||
| 084 |
_a420.7, RID/O _qFEDL |
||
| 100 | _aRidout Ronald | ||
| 245 | 0 | _aEnglish today. 3 | |
| 260 |
_aLondon, UK _bGinn and Company Limited _c1953 |
||
| 300 | _a256p. | ||
| 942 |
_cHB _h420.7, RID/O |
||
| 999 |
_c1331424 _d1331424 |
||